| 000 | 00677nam a2200193 u 4500 | ||
|---|---|---|---|
| 005 | 20210223130535.0 | ||
| 008 | 080625s2006 es r 000 0 spa d | ||
| 020 | _a8493316199 | ||
| 035 | _aUPN01000157606 | ||
| 049 | _aI | ||
| 050 | 4 |
_aML410 M6.8 _bO2.6 |
|
| 100 | 1 |
_aObiols, Anna, _d1975- _936176 |
|
| 245 | 1 | 3 |
_aEl pequeño Mozart y el anillo mágico / _cAnna Obiols ; il. de Subi ; tr. Mariana Orozco. |
| 260 |
_aMadrid : _bBellaterra Música, _c2006. |
||
| 300 |
_a24 p. + _e1 disco compacto (Música) ; 4 3/4 plg. |
||
| 440 | 4 | _aLos grandes compositores y los niños | |
| 600 | 1 | 4 |
_aMOZART, WOLFGANG AMADEUS, _d1756-1791 - _vLITERATURA JUVENIL _917923 |
| 905 | _aInfantil | ||
| 999 |
_c129720 _d129720 |
||